An Introduction To Industrial Economics (Record no. 89772)

MARC details
000 -LEADER
fixed length control field 00369pam a2200157 a 4500
020 ## - INTERNATIONAL STANDARD BOOK NUMBER
Terms of availability
041 ## - LANGUAGE CODE
Language code of text/sound track or separate title eng
082 ## - DEWEY DECIMAL CLASSIFICATION NUMBER
Item number DEV
100 ## - MAIN ENTRY--PERSONAL NAME
Personal name Devine p.J.
245 ## - TITLE STATEMENT
Title An Introduction To Industrial Economics
Medium Textual Documents
250 ## - EDITION STATEMENT
Edition statement 1979.
260 ## - PUBLICATION, DISTRIBUTION, ETC.
Place of publication, distribution, etc. [s.l]:
Name of publisher, distributor, etc. George Allen & Union.
300 ## - PHYSICAL DESCRIPTION
Extent 502pg.
700 ## - ADDED ENTRY--PERSONAL NAME
Personal name Lee N.Jones.
-- Tysen W.J.
930 ## - EQUIVALENCE OR CROSS-REFERENCE-UNIFORM TITLE HEADING [LOCAL, CANADA]
Uniform title 12870
Holdings
Withdrawn status Lost status Damaged status Not for loan Collection Home library Current library Date acquired Source of acquisition Cost, normal purchase price Total Checkouts Full call number Barcode Date last seen Copy number Price effective from Koha item type
          Yashwantrao Mohite College of Arts, Science And Commerce, Pune Yashwantrao Mohite College of Arts, Science And Commerce, Pune 05/07/2021 Varma Book Centeer 145.00   DEV YMP-50030 24/02/2023 1 24/02/2023 Book